Understanding the earth : (Record no. 127663)

MARC details
000 -LEADER
fixed length control field 00800nam a22002657a 4500
005 - DATE AND TIME OF LATEST TRANSACTION
control field 20170124110028.0
010 ## - LIBRARY OF CONGRESS CONTROL NUMBER
LC control number 801401
020 ## - INTERNATIONAL STANDARD BOOK NUMBER
Terms of availability 00.00
International Standard Book Number 851413099
035 ## - SYSTEM CONTROL NUMBER
System control number 801401
037 ## - SOURCE OF ACQUISITION
Source of stock number/acquisition Cen Lib/Ret
040 ## - CATALOGING SOURCE
Original cataloging agency DPL
Language of cataloging EN
082 ## - DEWEY DECIMAL CLASSIFICATION NUMBER
Classification number 550
Item number UND
245 ## - TITLE STATEMENT
Title Understanding the earth :
Statement of responsibility, etc edited by I.G.Gass, Peter J.Smith [and] R.C.L.Wilson
Remainder of title a reader in the earth sciences /
250 ## - EDITION STATEMENT
Edition statement 2nd ed
260 ## - PUBLICATION, DISTRIBUTION, ETC. (IMPRINT)
Name of publisher, distributor, etc The Artemis Press Limited
Date of publication, distribution, etc 1972
Place of publication, distribution, etc Sussexx
270 ## - ADDRESS
City Sussexx
300 ## - PHYSICAL DESCRIPTION
Extent 383p. :
Dimensions 24cm(Hb)
Other physical details ill.
500 ## - GENERAL NOTE
General note Includes index
650 ## - SUBJECT ADDED ENTRY--TOPICAL TERM
Topical term or geographic name as entry element Earth sciences.
9 (RLIN) 90193
650 ## - SUBJECT ADDED ENTRY--TOPICAL TERM
Topical term or geographic name as entry element Earth's magnetic field.
9 (RLIN) 21161
700 ## - ADDED ENTRY--PERSONAL NAME
Personal name Gass, I.G.
9 (RLIN) 21162
700 ## - ADDED ENTRY--PERSONAL NAME
Personal name Smith, Peter J.
9 (RLIN) 21163
700 ## - ADDED ENTRY--PERSONAL NAME
Personal name Wilson, R.C.L.
9 (RLIN) 21164
942 ## - ADDED ENTRY ELEMENTS (KOHA)
Source of classification or shelving scheme Dewey Decimal Classification
Koha item type English Books
Classification part 550
Call number suffix UND
Holdings
Withdrawn status Lost status Damaged status Not for loan Home library Current library Date acquired Source of acquisition Cost, normal purchase price Total Checkouts Total Renewals Full call number Barcode Date last seen Date checked out Copy number Cost, replacement price Price effective from Koha item type
        Central Library Central Library 30/06/2015 Cen Lib/Ret 0.00 2 2 550 UND 801401 23/03/2021 11/02/2021 1 0.00 30/06/2015 English Books

© Delhi Public Library
Hit Counter
free hit counter